[Event "33. Copenhagen Open (Politiken Cup)"]
[Site "Elsinore"]
[Date "2011.08.06"]
[Round "9"]
[White "Rodvik, Trym Daniel"]
[Black "Bauder, Herbert"]
[Result "1/2-1/2"]
[WhiteElo "1843"]
[BlackElo "1971"]
[PlyCount "60"]
[EventDate "2011.07.30"]
[EventType "swiss"]
[EventRounds "10"]
[EventCountry "DEN"]
[Source "ChessBase"]
[SourceDate "2011.08.29"]

1. e4 c5 2. Nf3 Nc6 3. d4 cxd4 4. Nxd4 Nf6 5. Nc3 e5 6. Ndb5 d6 7. Bg5 a6 8.
Na3 b5 9. Nd5 Be7 10. Bxf6 Bxf6 11. c3 Bg5 12. Nc2 Ne7 13. h4 Bh6 14. Nce3 Bxe3
15. Nxe3 Bb7 16. f3 O-O 17. a4 Qb6 18. Qd2 Rfd8 19. Nd5 Nxd5 20. exd5 Qc5 21.
axb5 axb5 22. Rd1 Rf8 23. h5 f5 24. h6 g6 25. Rh4 Rae8 26. Rb4 Ba6 27. Ra1 Ra8
28. Ra5 Qb6 29. Ra1 Qc5 30. Ra5 Qb6 1/2-1/2

[Event "33. Copenhagen Open (Politiken Cup)"]
[Site "Elsinore"]
[Date "2011.08.06"]
[Round "9"]
[White "Rosell, Sven"]
[Black "Johnsen, Oystein"]
[Result "0-1"]
[WhiteElo "1979"]
[BlackElo "1724"]
[PlyCount "162"]
[EventDate "2011.07.30"]
[EventType "swiss"]
[EventRounds "10"]
[EventCountry "DEN"]
[Source "ChessBase"]
[SourceDate "2011.08.29"]

1. c4 Nf6 2. Nc3 c6 3. e4 d5 4. e5 Ng4 5. d4 g6 6. Nf3 Be6 7. Ng5 Qd7 8. Be2
Nh6 9. cxd5 Bxd5 10. O-O Nf5 11. Nxd5 cxd5 12. Re1 e6 13. b3 Nc6 14. Nf3 h6 15.
a3 Be7 16. b4 Rc8 17. Qd2 a6 18. Bb2 b5 19. Rec1 Na7 20. Rxc8+ Nxc8 21. a4 Nb6
22. axb5 axb5 23. Ra6 Nc4 24. Ra8+ Bd8 25. Qc1 Qb7 26. Ra2 Bb6 27. Bc3 Kf8 28.
g4 Ne7 29. Qf4 Ng8 30. Bd3 Kg7 31. Ne1 Bd8 32. Bb1 Bg5 33. Qg3 Bd8 34. Nd3 Bb6
35. Qf3 Qe7 36. Qg3 h5 37. g5 h4 38. Qg4 Rh5 39. f4 Ne3 40. Qf3 Nf5 41. Qf2 Qc7
42. Nc5 Nge7 43. Bd3 Bxc5 44. bxc5 Rh8 45. Bxb5 Rb8 46. Ba5 Qc8 47. Bb6 Qh8 48.
Bd3 Qh5 49. Be2 Qh8 50. Bg4 Qe8 51. Qd2 Qb5 52. Rb2 Qa4 53. Rb4 Qa1+ 54. Kg2
Ra8 55. Rb2 Ne3+ 56. Qxe3 Qxb2+ 57. Qf2 Qxf2+ 58. Kxf2 Ra2+ 59. Be2 Nc6 60. Ke3
Ra3+ 61. Kf2 Nxd4 62. Bg4 Ra2+ 63. Kg1 Nc6 64. Bf3 Nd4 65. Bg4 Rc2 66. Kh1 Nb3
67. Kg1 Nxc5 68. Bxc5 Rxc5 69. Kg2 Rc3 70. h3 Rg3+ 71. Kf2 Rxg4 72. hxg4 d4 73.
Kf3 h3 74. Kg3 d3 75. Kxh3 d2 76. Kg2 d1=Q 77. Kg3 Kf8 78. Kh4 Ke8 79. Kg3 Kd7
80. Kh4 Kc6 81. f5 Kd5 0-1

[Event "33. Copenhagen Open (Politiken Cup)"]
[Site "Elsinore"]
[Date "2011.08.06"]
[Round "9"]
[White "Rostgaard, Tobias Valentin"]
[Black "Krzesinski, Paul"]
[Result "1-0"]
[WhiteElo "2184"]
[BlackElo "1832"]
[PlyCount "92"]
[EventDate "2011.07.30"]
[EventType "swiss"]
[EventRounds "10"]
[EventCountry "DEN"]
[Source "ChessBase"]
[SourceDate "2011.08.29"]

1. Nf3 f5 2. d3 Nf6 3. e4 d6 4. exf5 Nc6 5. Nh4 e5 6. Bg5 b6 7. Bxf6 Qxf6 8.
Qh5+ Qf7 9. Qxf7+ Kxf7 10. g3 Rb8 11. c3 Be7 12. Bg2 Bxh4 13. Bxc6 Be7 14. g4
h5 15. f3 hxg4 16. fxg4 Rh3 17. Nd2 Bg5 18. O-O-O Ba6 19. Bg2 Rxd3 20. h4 Bf4
21. Be4 Re3 22. Kc2 c6 23. Bxc6 Bd3+ 24. Kb3 Re2 25. Bf3 Rf2 26. Be4 Be2 27.
Bd5+ Ke7 28. Ne4 Bxd1+ 29. Rxd1 Rh2 30. h5 b5 31. g5 Kf8 32. h6 b4 33. cxb4 a5
34. a3 axb4 35. axb4 Rh3+ 36. Ka4 Rh2 37. hxg7+ Kxg7 38. Kb3 Be3 39. Bc6 Bd4
40. Rb1 Rd8 41. Bd5 Rh3+ 42. Ka4 Rh4 43. Rc1 Rxe4 44. Rc7+ Kf8 45. g6 Rg4 46.
Rf7+ Ke8 1-0

[Event "33. Copenhagen Open (Politiken Cup)"]
[Site "Elsinore"]
[Date "2011.08.06"]
[Round "9"]
[White "Satre, Mathias"]
[Black "Maagaard, David Bille"]
[Result "0-1"]
[WhiteElo "1756"]
[BlackElo "1906"]
[PlyCount "74"]
[EventDate "2011.07.30"]
[EventType "swiss"]
[EventRounds "10"]
[EventCountry "DEN"]
[Source "ChessBase"]
[SourceDate "2011.08.29"]

1. e4 e5 2. d4 exd4 3. Nf3 Be7 4. Bc4 d6 5. c3 dxc3 6. Qb3 Be6 7. Bxe6 fxe6 8.
Qxb7 Nd7 9. Nxc3 Ngf6 10. Nb5 O-O 11. Nxc7 Nc5 12. Nxe6 Nxb7 13. Nxd8 Bxd8 14.
Nd2 Nxe4 15. O-O Nxd2 16. Bxd2 Bb6 17. Rac1 Rac8 18. Bc3 Nc5 19. Rcd1 Ne4 20.
Bd4 Bxd4 21. Rxd4 Nxf2 22. Rxd6 Rc7 23. Rd2 Ne4 24. Rxf8+ Kxf8 25. Rd1 Rc2 26.
Rb1 Nd2 27. Rd1 Rxb2 28. Kf2 Rxa2 29. Kg3 Ne4+ 30. Kf4 Nf6 31. g4 Ra4+ 32. Kf5
Rxg4 33. Ra1 Rh4 34. Rxa7 Rxh2 35. Ke6 Re2+ 36. Kd6 Ne8+ 37. Kc6 h5 0-1

[Event "33. Copenhagen Open (Politiken Cup)"]
[Site "Elsinore"]
[Date "2011.08.06"]
[Round "9"]
[White "Schroeder, Jan Christian"]
[Black "Hendriks, Willy"]
[Result "0-1"]
[WhiteElo "2164"]
[BlackElo "2415"]
[PlyCount "58"]
[EventDate "2011.07.30"]
[EventType "swiss"]
[EventRounds "10"]
[EventCountry "DEN"]
[Source "ChessBase"]
[SourceDate "2011.08.29"]

1. e4 d6 2. d4 Nf6 3. Nc3 g6 4. Nf3 Bg7 5. h3 O-O 6. Be3 a6 7. a4 b6 8. Bd3 Bb7
9. O-O Nc6 10. Qd2 e5 11. d5 Nb4 12. Bc4 Nh5 13. Ne2 a5 14. g4 Nf6 15. Ng3 c6
16. dxc6 Bxc6 17. c3 Bxe4 18. Nxe4 Nxe4 19. Qe2 d5 20. Rfd1 Qc7 21. Bb5 Nc6 22.
Rxd5 Nf6 23. Rd2 e4 24. Nd4 Ne5 25. c4 Nd3 26. Bc6 Rad8 27. Bxe4 Nxe4 28. Qxd3
Nxd2 29. Qxd2 Qxc4 0-1

[Event "33. Copenhagen Open (Politiken Cup)"]
[Site "Elsinore"]
[Date "2011.08.06"]
[Round "9"]
[White "Schultz Pedersen, Jesper"]
[Black "Stolberg Rohr, Thomine"]
[Result "1/2-1/2"]
[WhiteElo "2177"]
[BlackElo "1964"]
[PlyCount "156"]
[EventDate "2011.07.30"]
[EventType "swiss"]
[EventRounds "10"]
[EventCountry "DEN"]
[Source "ChessBase"]
[SourceDate "2011.08.29"]

1. e4 e5 2. Nf3 Nc6 3. Bb5 d6 4. d4 exd4 5. Qxd4 Bd7 6. Bxc6 Bxc6 7. Nc3 Qd7 8.
O-O Ne7 9. b3 b6 10. a4 Rg8 11. Nd5 Bb7 12. Bb2 h6 13. Qd3 c6 14. Ne3 O-O-O 15.
c4 g5 16. a5 Ng6 17. axb6 axb6 18. Rfd1 g4 19. Nd4 Bg7 20. Nef5 Be5 21. Qc2 h5
22. b4 h4 23. c5 dxc5 24. bxc5 Qc7 25. cxb6 Qxb6 26. Rab1 g3 27. Kh1 gxh2 28.
Ba1 Qc7 29. Rdc1 Bf4 30. Rxb7 Kxb7 31. Rb1+ Kc8 32. Nxc6 Rd2 33. Nfe7+ Nxe7 34.
Nxe7+ Kd7 35. Qxc7+ Bxc7 36. Nxg8 Rxf2 37. Nf6+ Ke6 38. Ng4 Re2 39. Nxh2 h3 40.
Nf3 hxg2+ 41. Kg1 Kd7 42. e5 Rc2 43. Rd1+ Ke7 44. Bd4 Re2 45. Rd2 Rxd2 46. Nxd2
Ke6 47. Nf3 Bd8 48. Bb2 Be7 49. Kxg2 f6 50. exf6 Bxf6 51. Ba3 Kd5 52. Kf2 Ke4
53. Ke2 Bd8 54. Nd2+ Kd5 55. Kd3 Bc7 56. Nc4 Bd8 57. Bb2 Bc7 58. Bd4 Bd8 59.
Ne3+ Ke6 60. Ke4 Bf6 61. Bb6 Bg5 62. Nd5 Bc1 63. Bd4 Ba3 64. Nf4+ Kd6 65. Bg7
Kc6 66. Nd5 Bc5 67. Bf6 Bd6 68. Nc3 Bc5 69. Ne2 Bb6 70. Nf4 Bc5 71. Bc3 Ba7 72.
Nd3 Bb6 73. Ne5+ Kd6 74. Bb4+ Ke6 75. Ba3 Bc7 76. Nc4 Bd8 77. Ne3 Be7 78. Bb2
Bf6 1/2-1/2

[Event "33. Copenhagen Open (Politiken Cup)"]
[Site "Elsinore"]
[Date "2011.08.06"]
[Round "9"]
[White "Seirup, Simon"]
[Black "Rasmussen, Arne"]
[Result "1-0"]
[WhiteElo "1694"]
[BlackElo "1409"]
[PlyCount "53"]
[EventDate "2011.07.30"]
[EventType "swiss"]
[EventRounds "10"]
[EventCountry "DEN"]
[Source "ChessBase"]
[SourceDate "2011.08.29"]

1. d4 Nf6 2. c4 e6 3. Nc3 Bb4 4. Qc2 O-O 5. Bg5 h6 6. Bh4 Be7 7. e4 Nh7 8. Bxe7
Qxe7 9. Bd3 Nf6 10. e5 Ne8 11. h4 d6 12. f4 Nc6 13. Nf3 Nb4 14. Qe2 Nxd3+ 15.
Qxd3 f6 16. O-O-O fxe5 17. fxe5 Qf7 18. Rdf1 Qf5 19. Ne4 d5 20. cxd5 exd5 21.
Nfg5 Qg4 22. Rxf8+ Kxf8 23. Rf1+ Kg8 24. Nf6+ Nxf6 25. exf6 hxg5 26. f7+ Kf8
27. Qa3+ 1-0

[Event "33. Copenhagen Open (Politiken Cup)"]
[Site "Elsinore"]
[Date "2011.08.06"]
[Round "9"]
[White "Simonsen, Per"]
[Black "Lindgaard, Tobias Simon"]
[Result "1-0"]
[WhiteElo "1912"]
[BlackElo "1434"]
[PlyCount "53"]
[EventDate "2011.07.30"]
[EventType "swiss"]
[EventRounds "10"]
[EventCountry "DEN"]
[Source "ChessBase"]
[SourceDate "2011.08.29"]

1. d4 d6 2. e4 Nf6 3. f3 e5 4. d5 g6 5. Bg5 Bg7 6. c4 c5 7. Nc3 a6 8. Qd2 h6 9.
Be3 Nh5 10. g4 Nf4 11. Bxf4 exf4 12. Qxf4 g5 13. Qd2 Nd7 14. Be2 Nf8 15. Bd3
Ng6 16. O-O-O Bd7 17. Nge2 Qa5 18. Rhf1 O-O 19. f4 b5 20. e5 dxe5 21. fxg5 hxg5
22. Qxg5 e4 23. Nxe4 Qxa2 24. Nf6+ Bxf6 25. Rxf6 Be8 26. Rdf1 bxc4 27. Bxg6 1-0

[Event "33. Copenhagen Open (Politiken Cup)"]
[Site "Elsinore"]
[Date "2011.08.06"]
[Round "9"]
[White "Skjoldager, Per"]
[Black "Sjol, Henrik"]
[Result "0-1"]
[WhiteElo "2126"]
[BlackElo "1880"]
[PlyCount "48"]
[EventDate "2011.07.30"]
[EventType "swiss"]
[EventRounds "10"]
[EventCountry "DEN"]
[Source "ChessBase"]
[SourceDate "2011.08.29"]

1. e4 c6 2. d4 d5 3. e5 Bf5 4. Nc3 e6 5. g4 Bg6 6. Nge2 c5 7. h4 h6 8. Nf4 Bh7
9. Be3 Nc6 10. Bb5 cxd4 11. Bxd4 a6 12. Ba4 Bb4 13. Rh3 Nge7 14. Qd2 b5 15. Bb3
Nxd4 16. Qxd4 Nc6 17. Qe3 d4 18. Qf3 Nxe5 19. Qe2 dxc3 20. Rd1 cxb2+ 21. Kf1
O-O 22. c3 Qxd1+ 23. Bxd1 b1=Q 24. cxb4 Rad8 0-1

[Event "33. Copenhagen Open (Politiken Cup)"]
[Site "Elsinore"]
[Date "2011.08.06"]
[Round "9"]
[White "Skovgaard, Tom"]
[Black "Jorgensen, Dennis"]
[Result "1/2-1/2"]
[WhiteElo "2013"]
[BlackElo "2231"]
[PlyCount "70"]
[EventDate "2011.07.30"]
[EventType "swiss"]
[EventRounds "10"]
[EventCountry "DEN"]
[Source "ChessBase"]
[SourceDate "2011.08.29"]

1. e4 c6 2. d4 d5 3. Nc3 dxe4 4. Nxe4 Bf5 5. Ng3 Bg6 6. h4 h6 7. Nf3 Nd7 8. h5
Bh7 9. Bd3 Bxd3 10. Qxd3 e6 11. Bd2 Ngf6 12. O-O-O Be7 13. Kb1 O-O 14. Ne4 Nxe4
15. Qxe4 Nf6 16. Qe2 Qd5 17. g4 Qe4 18. Qxe4 Nxe4 19. Rh2 Nxd2+ 20. Rxd2 Rad8
21. Rh1 Rd6 22. c3 Rfd8 23. b4 Bf6 24. Re1 b6 25. Kc2 Rd5 26. Red1 Kf8 27. Rb1
Rc8 28. Rbd1 Rcd8 29. Rb1 e5 30. dxe5 Rxd2+ 31. Nxd2 Bxe5 32. Re1 Bf4 33. Nf3
c5 34. Re4 Bd6 35. b5 Bb8 1/2-1/2

[Event "33. Copenhagen Open (Politiken Cup)"]
[Site "Elsinore"]
[Date "2011.08.06"]
[Round "9"]
[White "Sorensen, Dick"]
[Black "Andersen, Dag"]
[Result "1/2-1/2"]
[WhiteElo "1993"]
[BlackElo "1885"]
[PlyCount "91"]
[EventDate "2011.07.30"]
[EventType "swiss"]
[EventRounds "10"]
[EventCountry "DEN"]
[Source "ChessBase"]
[SourceDate "2011.08.29"]

1. d4 d5 2. Nf3 Nf6 3. g3 e6 4. Bg2 Be7 5. O-O O-O 6. b3 Nbd7 7. Bb2 b6 8. Nbd2
Bb7 9. e3 c5 10. c4 Rc8 11. Rc1 h6 12. Ne5 cxd4 13. exd4 Rc7 14. f4 Qa8 15. Qe2
Rfc8 16. a3 a5 17. Rce1 Nf8 18. g4 N6d7 19. Ndf3 dxc4 20. Nxd7 Nxd7 21. f5 Nf8
22. fxe6 Nxe6 23. bxc4 Nf4 24. Qd2 Nxg2 25. Qxg2 Bf6 26. d5 Bxb2 27. Qxb2 Rxc4
28. Ne5 Rc2 29. Qxb6 Bxd5 30. Rf2 Rc1 31. Qe3 Rxe1+ 32. Qxe1 Qa7 33. Qd2 Be6
34. h4 Qc5 35. Qf4 Rd8 36. Nxf7 Rd1+ 37. Kh2 Qc8 38. Nxh6+ gxh6 39. Qxh6 Qc7+
40. Qf4 Qe7 41. g5 Bf7 42. g6 Bxg6 43. Rg2 Kh7 44. Rxg6 Kxg6 45. Qg4+ Kh6 46.
Qxd1 1/2-1/2

[Event "33. Copenhagen Open (Politiken Cup)"]
[Site "Elsinore"]
[Date "2011.08.06"]
[Round "9"]
[White "Storch, Dominik"]
[Black "Petersen, Tom"]
[Result "1-0"]
[WhiteElo "1883"]
[BlackElo "1997"]
[PlyCount "61"]
[EventDate "2011.07.30"]
[EventType "swiss"]
[EventRounds "10"]
[EventCountry "DEN"]
[Source "ChessBase"]
[SourceDate "2011.08.29"]

1. f4 d5 2. Nf3 Nf6 3. b3 Bg4 4. e3 c5 5. Bb2 e6 6. Bb5+ Nc6 7. O-O Bd6 8. Qe1
Bxf3 9. Rxf3 Qb6 10. Bxc6+ bxc6 11. d3 a5 12. Nd2 a4 13. Kh1 axb3 14. axb3 Ke7
15. e4 Rxa1 16. Bxa1 dxe4 17. dxe4 Bc7 18. Nc4 Qa6 19. Bb2 Ra8 20. g4 h6 21.
Qh4 Qa2 22. e5 Qb1+ 23. Kg2 Qxc2+ 24. Kh3 Qg6 25. exf6+ gxf6 26. f5 Qg5 27.
fxe6 Qxh4+ 28. Kxh4 Kxe6 29. Rxf6+ Kd5 30. Rxf7 Bxh2 31. Nb6+ 1-0

[Event "33. Copenhagen Open (Politiken Cup)"]
[Site "Elsinore"]
[Date "2011.08.06"]
[Round "9"]
[White "Svane, Frederik"]
[Black "Hoel, Jorgen"]
[Result "0-1"]
[WhiteElo "1699"]
[BlackElo "1851"]
[PlyCount "70"]
[EventDate "2011.07.30"]
[EventType "swiss"]
[EventRounds "10"]
[EventCountry "DEN"]
[Source "ChessBase"]
[SourceDate "2011.08.29"]

1. e4 c5 2. Nf3 g6 3. d4 cxd4 4. Qxd4 Nf6 5. e5 Nc6 6. Qa4 Nd5 7. Qe4 Nc7 8.
Nc3 Bg7 9. Bf4 O-O 10. Bc4 a6 11. O-O-O b5 12. Bd5 Bb7 13. Rhe1 a5 14. a4 bxa4
15. Nxa4 Ne6 16. Bxe6 fxe6 17. Ng5 Qc7 18. Nc5 Nb4 19. Nxb7 Rxf4 20. Qe2 Qxb7
21. g3 Rf5 22. f4 Na2+ 23. Kb1 Nc3+ 24. Kc1 Nxe2+ 25. Rxe2 Rb8 26. b3 Rc8 27.
Red2 Qxb3 28. Re2 d6 29. exd6 Qb2+ 30. Kd2 Rxc2+ 31. Ke1 Rxe2+ 32. Kf1 Rf2+ 33.
Kg1 Rg2+ 34. Kh1 Rxh2+ 35. Kg1 Qf2# 0-1

[Event "33. Copenhagen Open (Politiken Cup)"]
[Site "Elsinore"]
[Date "2011.08.06"]
[Round "9"]
[White "Svane, Freja"]
[Black "Svane, Minna"]
[Result "1-0"]
[WhiteElo "1000"]
[BlackElo "1000"]
[PlyCount "41"]
[EventDate "2011.07.30"]
[EventType "swiss"]
[EventRounds "10"]
[EventCountry "DEN"]
[Source "ChessBase"]
[SourceDate "2011.08.29"]

1. e4 e5 2. Nf3 d6 3. Be2 Nf6 4. d3 Be7 5. O-O O-O 6. Bg5 Nbd7 7. Nbd2 b5 8.
Re1 Rb8 9. Nf1 a6 10. Ng3 Bb7 11. Nf5 Qe8 12. Qd2 d5 13. Qe3 c6 14. N3h4 dxe4
15. dxe4 c5 16. Qg3 c4 17. Bh6 Nh5 18. Bxg7 Bxh4 19. Nxh4 Nxg7 20. Nf5 Bxe4 21.
Qxg7# 1-0

[Event "33. Copenhagen Open (Politiken Cup)"]
[Site "Elsinore"]
[Date "2011.08.06"]
[Round "9"]
[White "Svane, Rasmus"]
[Black "Hansen, Sune Berg"]
[Result "0-1"]
[WhiteElo "2346"]
[BlackElo "2574"]
[PlyCount "76"]
[EventDate "2011.07.30"]
[EventType "swiss"]
[EventRounds "10"]
[EventCountry "DEN"]
[Source "ChessBase"]
[SourceDate "2011.08.29"]

1. Nf3 e6 2. c4 b6 3. g3 Bb7 4. Bg2 Nf6 5. O-O Be7 6. Nc3 O-O 7. d4 Ne4 8. Nxe4
Bxe4 9. b3 d5 10. Nd2 Bxg2 11. Kxg2 Bf6 12. Nf3 c5 13. e3 Nc6 14. Bb2 dxc4 15.
bxc4 Rc8 16. Rc1 cxd4 17. exd4 Qd7 18. Qe2 Na5 19. Rfd1 Qa4 20. d5 Bxb2 21.
Qxb2 Nxc4 22. Qb3 Qa6 23. dxe6 fxe6 24. Rd7 b5 25. Qc3 Rf6 26. Rcd1 Qc6 27. Re7
b4 28. Qb3 Ne5 29. Rc1 Qxc1 30. Nxe5 Qc3 31. Ng4 Rg6 32. Qd1 Qc5 33. Qd7 Qd5+
34. Qxd5 exd5 35. Ne5 Ra6 36. h4 Rxa2 37. h5 h6 38. Ng6 Rb8 0-1

[Event "33. Copenhagen Open (Politiken Cup)"]
[Site "Elsinore"]
[Date "2011.08.06"]
[Round "9"]
[White "Svane, Troels"]
[Black "Savio, Niklas"]
[Result "0-1"]
[WhiteElo "1500"]
[BlackElo "1040"]
[PlyCount "128"]
[EventDate "2011.07.30"]
[EventType "swiss"]
[EventRounds "10"]
[EventCountry "DEN"]
[Source "ChessBase"]
[SourceDate "2011.08.29"]

1. Nf3 d5 2. g3 Nc6 3. Bg2 e5 4. O-O e4 5. Ne1 Nf6 6. d3 Bf5 7. Bg5 h6 8. Bd2
Qd7 9. Qc1 Rd8 10. a3 Nd4 11. Qd1 c5 12. Bc3 Be7 13. Bxd4 cxd4 14. Nd2 e3 15.
Nb3 exf2+ 16. Rxf2 Ng4 17. Rf3 Bg5 18. Bf1 Ne5 19. Nxd4 Nxf3+ 20. Nexf3 Be3+
21. Kh1 Bh7 22. Ne5 Qe7 23. Ndf3 h5 24. d4 f6 25. Nd3 g5 26. Bg2 g4 27. Nh4
Bxd4 28. c3 Be5 29. Nxe5 Qxe5 30. Qd2 Kf7 31. Re1 Be4 32. Qe3 Bxg2+ 33. Nxg2
Qxe3 34. Nxe3 d4 35. cxd4 Rxd4 36. Nd1 Rc8 37. Nc3 Rd2 38. Rb1 b6 39. Kg2 Rxc3
40. bxc3 Rxe2+ 41. Kg1 Rc2 42. Rd1 Rxc3 43. Rd7+ Ke6 44. Rxa7 Kd6 45. Rh7 Rxa3
46. Rxh5 Ra5 47. Rh8 b5 48. Rb8 Ra1+ 49. Kg2 Rb1 50. Rd8+ Ke7 51. Rd2 b4 52.
Re2+ Kd6 53. Rd2+ Ke5 54. Re2+ Kd4 55. Rf2 b3 56. Rxf6 Rb2+ 57. Kg1 Rc2 58.
Rd6+ Ke5 59. Rg6 b2 60. Rg5+ Kf6 61. Rb5 Rc1+ 62. Kg2 b1=Q 63. Rxb1 Rxb1 64. h3
Rb2+ 0-1

[Event "33. Copenhagen Open (Politiken Cup)"]
[Site "Elsinore"]
[Date "2011.08.06"]
[Round "9"]
[White "Svendsen, Peter"]
[Black "Molvig, Julius"]
[Result "1-0"]
[WhiteElo "1987"]
[BlackElo "1842"]
[PlyCount "63"]
[EventDate "2011.07.30"]
[EventType "swiss"]
[EventRounds "10"]
[EventCountry "DEN"]
[Source "ChessBase"]
[SourceDate "2011.08.29"]

1. Nf3 Nf6 2. d4 g6 3. c4 c5 4. Nc3 cxd4 5. Nxd4 Bg7 6. e4 d6 7. Be2 O-O 8. O-O
Nc6 9. Be3 Nxd4 10. Bxd4 Ne8 11. Qd2 Bd7 12. Rad1 Bxd4 13. Qxd4 Ng7 14. Nd5 Ne6
15. Qd2 Bc6 16. h4 Nc5 17. Qg5 Bxd5 18. exd5 Ne4 19. Qe3 Nf6 20. Rfe1 Qd7 21.
Rd4 Rfe8 22. h5 e5 23. Rh4 Qe7 24. g3 a6 25. Kg2 b5 26. hxg6 fxg6 27. cxb5 axb5
28. Bxb5 Reb8 29. a4 Nxd5 30. Bc4 Qe6 31. Qd2 Nf4+ 32. Rxf4 1-0

[Event "33. Copenhagen Open (Politiken Cup)"]
[Site "Elsinore"]
[Date "2011.08.06"]
[Round "9"]
[White "Tandrup, Michael"]
[Black "Salomonsen, Sixten"]
[Result "1-0"]
[WhiteElo "1917"]
[BlackElo "1742"]
[PlyCount "133"]
[EventDate "2011.07.30"]
[EventType "swiss"]
[EventRounds "10"]
[EventCountry "DEN"]
[Source "ChessBase"]
[SourceDate "2011.08.29"]

1. d4 d5 2. Nf3 Nf6 3. e3 Bf5 4. b3 e6 5. Bb2 Nbd7 6. Nbd2 Bd6 7. c4 c6 8. Be2
h6 9. Ne5 Bb4 10. a3 Bxd2+ 11. Qxd2 O-O 12. Nxd7 Qxd7 13. O-O Rfe8 14. c5 Qc7
15. b4 a6 16. a4 Nd7 17. h3 f6 18. b5 axb5 19. axb5 e5 20. b6 Qc8 21. Rxa8 Qxa8
22. Ra1 Qc8 23. Bh5 Rf8 24. Qd1 e4 25. Ra7 Nb8 26. Be2 Be6 27. Bf1 Nd7 28. Qh5
Kh7 29. g3 Qb8 30. Bg2 g6 31. Qd1 f5 32. Qa4 Kg8 33. Bc3 Kh8 34. Qa2 Kg8 35.
Be1 Kh8 36. f3 Nf6 37. Qf2 exf3 38. Bxf3 Ne4 39. Bxe4 fxe4 40. Qg2 Rf3 41. Qa2
Rf8 42. Kg2 Qc8 43. g4 h5 44. Bg3 hxg4 45. h4 Kg8 46. Qa1 Bf5 47. Bd6 Re8 48.
Kg3 Be6 49. Qf1 Bf5 50. Qf4 Kh7 51. Qg5 Qd7 52. Bf4 Qg7 53. h5 Bc8 54. Ra1 Re6
55. Rh1 Kg8 56. Qd8+ Qf8 57. Qxf8+ Kxf8 58. h6 Kg8 59. h7+ Kh8 60. Be5+ Rxe5
61. dxe5 g5 62. Rh6 d4 63. exd4 e3 64. e6 e2 65. Kf2 g3+ 66. Kxe2 g4 67. Kf1
1-0

[Event "33. Copenhagen Open (Politiken Cup)"]
[Site "Elsinore"]
[Date "2011.08.06"]
[Round "9"]
[White "Thybo, Jesper Sondergaard"]
[Black "Akdag, Dara Sevkan"]
[Result "0-1"]
[WhiteElo "1921"]
[BlackElo "2201"]
[PlyCount "144"]
[EventDate "2011.07.30"]
[EventType "swiss"]
[EventRounds "10"]
[EventCountry "DEN"]
[Source "ChessBase"]
[SourceDate "2011.08.29"]

1. d4 d5 2. c4 c6 3. Nf3 Nf6 4. Nc3 e6 5. Bg5 dxc4 6. e4 b5 7. e5 h6 8. Bh4 g5
9. Nxg5 hxg5 10. Bxg5 Nbd7 11. g3 Rg8 12. h4 Rxg5 13. hxg5 Nd5 14. g6 fxg6 15.
Qg4 Qe7 16. Bg2 Kd8 17. Qxg6 Bg7 18. a3 Nf8 19. Qg4 Bd7 20. Ne4 Rb8 21. Nd6 c5
22. f4 Ne3 23. Qe2 cxd4 24. Be4 Rb6 25. Qd2 Nf5 26. Bxf5 exf5 27. Qxd4 Rxd6 28.
Qxd6 Qxd6 29. exd6 Bxb2 30. Ra2 Bd4 31. Ke2 Be6 32. Rd2 Bg7 33. Rb1 c3 34. Rc2
Bc4+ 35. Ke3 Ne6 36. Rbc1 Kd7 37. Rxc3 Bxc3 38. Rxc3 Kxd6 39. Rc1 Kc5 40. Rh1
Nd4 41. Rh5 Bd5 42. Kd3 Be4+ 43. Kd2 Kc4 44. Rh7 a5 45. Rc7+ Kb3 46. g4 Kxa3
47. gxf5 Bxf5 48. Ke3 Nc2+ 49. Kd2 Kb4 50. Rf7 Nd4 51. Ke3 Kc5 52. Rc7+ Nc6 53.
Rf7 Be6 54. Rf6 Bd5 55. f5 a4 56. Rg6 a3 57. f6 a2 58. Rg1 b4 59. Rc1+ Kd6 60.
Rd1 Ne5 61. Kd4 b3 62. Kc3 Ke6 63. Kb2 Bc4 64. Rd4 Nd3+ 65. Rxd3 Bxd3 66. f7
Kxf7 67. Ka1 Ke6 68. Kb2 Kd5 69. Ka1 Kc4 70. Kb2 Kb4 71. Ka1 Bc4 72. Kb2 a1=Q+
0-1

[Event "33. Copenhagen Open (Politiken Cup)"]
[Site "Elsinore"]
[Date "2011.08.06"]
[Round "9"]
[White "Tikkanen, Hans"]
[Black "Petersen, Tom Petri"]
[Result "1-0"]
[WhiteElo "2596"]
[BlackElo "2324"]
[PlyCount "103"]
[EventDate "2011.07.30"]
[EventType "swiss"]
[EventRounds "10"]
[EventCountry "DEN"]
[Source "ChessBase"]
[SourceDate "2011.08.29"]

1. c4 g6 2. g3 Bg7 3. Bg2 e5 4. Nc3 Ne7 5. e4 O-O 6. Nge2 Nbc6 7. O-O d6 8. d3
Be6 9. Nd5 Qd7 10. Bg5 f6 11. Be3 f5 12. Rc1 Rf7 13. Qb3 fxe4 14. dxe4 b6 15.
Nec3 Na5 16. Qd1 c6 17. Nxe7+ Qxe7 18. b3 Rd8 19. Qd2 Qd7 20. Qe2 Bg4 21. f3
Be6 22. Rfd1 c5 23. Nb5 Qe7 24. f4 Nc6 25. f5 Bc8 26. g4 Nd4 27. Qd2 Rdf8 28.
Rf1 Bb7 29. Bg5 Bf6 30. Bxf6 Qxf6 31. g5 Qd8 32. f6 h6 33. h4 hxg5 34. hxg5 Rh7
35. Nxd4 cxd4 36. Qf2 Rff7 37. b4 Qc8 38. Qg3 Ba6 39. Rf3 Qc6 40. c5 bxc5 41.
bxc5 Bc8 42. Rb3 Rb7 43. Rxb7 Rxb7 44. Qa3 Rc7 45. Qb3+ Kf8 46. Kf2 dxc5 47.
Rh1 c4 48. Rh8+ Kf7 49. Qb8 Rb7 50. Rxc8 Rxb8 51. Rxc6 c3 52. Bh3 1-0

[Event "33. Copenhagen Open (Politiken Cup)"]
[Site "Elsinore"]
[Date "2011.08.06"]
[Round "9"]
[White "Vesterli, Michael E"]
[Black "Overas, Jan Magne"]
[Result "1-0"]
[WhiteElo "1969"]
[BlackElo "1503"]
[PlyCount "67"]
[EventDate "2011.07.30"]
[EventType "swiss"]
[EventRounds "10"]
[EventCountry "DEN"]
[Source "ChessBase"]
[SourceDate "2011.08.29"]

1. d4 d5 2. c4 c6 3. Nf3 Nf6 4. Nc3 e6 5. Bg5 Be7 6. e3 Ne4 7. Bxe7 Qxe7 8. Bd3
f5 9. O-O Nd7 10. Nd2 Nxd2 11. Qxd2 O-O 12. f3 Qg5 13. Qe2 Nf6 14. e4 Nh5 15.
Rae1 Nf4 16. Qc2 Rf6 17. exf5 Nxd3 18. Qxd3 dxc4 19. Qxc4 Rxf5 20. Ne4 Qe7 21.
Nc5 Rd5 22. Re4 b5 23. Qe2 Qf6 24. Qe3 Kf7 25. Rc1 g6 26. g4 h5 27. Rf4 Rf5 28.
gxf5 gxf5 29. Kh1 a5 30. Qe5 Qh6 31. Qc7+ Kf8 32. Rg1 Qf6 33. Qxc6 Rb8 34. Qd6+
1-0

[Event "33. Copenhagen Open (Politiken Cup)"]
[Site "Elsinore"]
[Date "2011.08.06"]
[Round "9"]
[White "Wadtland, Flemming"]
[Black "Svane, Kristian"]
[Result "0-1"]
[WhiteElo "1605"]
[BlackElo "1000"]
[PlyCount "86"]
[EventDate "2011.07.30"]
[EventType "swiss"]
[EventRounds "10"]
[EventCountry "DEN"]
[Source "ChessBase"]
[SourceDate "2011.08.29"]

1. c4 Nf6 2. Nc3 g6 3. Nf3 Bg7 4. g3 O-O 5. Bg2 d6 6. d4 c5 7. O-O Nc6 8. d5
Na5 9. Qd3 Bf5 10. e4 Bg4 11. Re1 Qd7 12. Bd2 b6 13. Rab1 a6 14. Bf4 Rab8 15.
Nh4 b5 16. b3 Bh3 17. Bh1 Rb6 18. Bd2 Rfb8 19. Qe2 Ng4 20. f3 Ne5 21. cxb5 axb5
22. Na4 bxa4 23. Bxa5 R6b7 24. Qc2 Qb5 25. Bd2 Nd3 26. Re3 Nb4 27. Bxb4 cxb4
28. bxa4 Bd4 29. axb5 Bxe3+ 30. Qf2 Bxf2+ 31. Kxf2 Rxb5 32. f4 Bd7 33. e5 dxe5
34. fxe5 Ra8 35. Rb2 Kg7 36. e6 Bc8 37. d6 Bb7 38. Bxb7 Rxb7 39. d7 fxe6 40.
Nf3 Rd8 41. Ne5 Kf6 42. Re2 Rb5 43. Rd2 Kxe5 0-1